Estatutos de la caja de previsión y estímulo de los empleados del Banco del Estado de Chile
Guardat en:
| Format: | Llibre |
|---|---|
| Idioma: | espanyol |
| Publicat: |
Santiago
Banco del Estado de Chile
1957
|
| Matèries: | |
| Etiquetes: |
Afegir etiqueta
Sense etiquetes, Sigues el primer a etiquetar aquest registre!
|
MARC
| LEADER | 00000nam a2200000 a 4500 | ||
|---|---|---|---|
| 001 | UCG4116 | ||
| 003 | CL-VaPUC | ||
| 008 | 101007e19570000CL |||||||||||||||||spa|d | ||
| 082 | 0 | 4 | |a 344.02 |b EST |2 21 |
| 245 | 1 | 0 | |a Estatutos de la caja de previsión y estímulo de los empleados del Banco del Estado de Chile |
| 300 | |a 46 p | ||
| 942 | |c BK | ||
| 945 | |d 20101007 00:00:00 |a mfarfan | ||
| 260 | |a Santiago |b Banco del Estado de Chile |c 1957 | ||
| 500 | |a Decreto con Fuerza de Ley N§ 2.252 del 27 de Febrero de 1957, publicado en el Diario Oficial N§ 23.696, de 13 de Marzo de 1957 | ||
| 650 | 7 | |a SEGURO SOCIAL |2 CL-VaPUC |9 460497 | |
| 650 | 7 | |a ESTATUTOS |2 CL-VaPUC |9 259253 | |
| 650 | 7 | |a PREVISION SOCIAL |2 CL-VaPUC |9 327977 | |
| 650 | 7 | |a CAJA DE PREVISION |2 CL-VaPUC |9 553420 | |
| 583 | |a last modification |c 20101007 00:00:00 |k Rodrigo Vera | ||
| 999 | |c 342969 |d 342967 | ||
| 952 | |0 0 |1 0 |4 0 |6 344_020000000000000_EST_1957 |7 0 |8 ? |9 439730 |a FDOBUD |b FDOBUD |d 2019-11-22 |i 4718798 |o 344.02 EST 1957 |p 4718798 |r 2019-11-22 |w 2019-11-22 |y BK |k BUD | ||